000 00216nam a2200097Ia 4500
008 240331s9999 xx 000 0 und d
082 _a300.72
_bRES
100 _aICSSR
245 0 _aReseach abstracts quarterly
942 _cL
999 _c994
_d994